All Harry Styles Songs (May 2022) - Statistics

General Stats
  • This quiz has been taken 12 times
  • The average score is 30 of 37
Answer Stats
Year Song % Correct
As It Was
100%
Sign of the Times
100%
Watermelon Sugar
100%
Cinema
92%
2019 Golden
92%
Kiwi
92%
Matilda
92%
2022 Music For a Sushi Restaurant
92%
She
92%
Adore You
83%
Boyfriends
83%
Canyon Moon
83%
Carolina
83%
Cherry
83%
Daydreaming
83%
Daylight
83%
Fine Line
83%
Grapejuice
83%
Treat People with Kindness
83%
Woman
83%
Ever Since New York
75%
Falling
75%
From the Dining Table
75%
Lights Up
75%
Love Of My Life
75%
2017 Meet Me in the Hallway
75%
Sunflower, Vol. 6
75%
Sweet Creature
75%
Two Ghosts
75%
Two Ghosts - Recorded at Metropolis Studios, London
75%
Keep Driving
67%
Late Night Talking
67%
Little Freak
67%
Only Angel
67%
Satellite
67%
To Be So Lonely
67%
Girl Crush - Recorded at Metropolis Studios, London
50%
No matching quizzes found
Score Distribution
Percent of People with Each Score
Percentile by Number Answered
Your Score History
You have not taken this quiz